[Event "FRA-ch Railways-B"]
[Site "Soulac sur Mer"]
[Date "2015.05.26"]
[Round "4"]
[White "Demiro, Marc"]
[Black "Tireau, Jean Marie"]
[Result "0-1"]
[WhiteElo "1790"]
[BlackElo "1616"]
[PlyCount "92"]
[EventDate "2015.05.26"]
[EventType "swiss"]
[EventRounds "7"]
[EventCountry "FRA"]
[SourceTitle "EXT 2016"]
[Source "ChessBase"]
[SourceDate "2015.10.08"]
[SourceVersion "1"]
[SourceVersionDate "2015.10.08"]
[SourceQuality "1"]

1. c4 c5 2. Nc3 Nc6 3. g3 g6 4. Bg2 Bg7 5. d3 d6 6. e4 Nf6 7. Nge2 0-0 8. 0-0 a6 9. a3 Rb8 10. a4 Bd7 11. Bd2 Qc8 12. Nd5 Nxd5 13. exd5 Ne5 14. Bc3 Bf5 15. Nc1 Bh3 16. Re1 Bxg2 17. Kxg2 Re8 18. f4 Ng4 19. Bxg7 Kxg7 20. h3 Nf6 21. Ne2 b5 22. b3 bxc4 23. dxc4 e6 24. dxe6 Rxe6 25. Rb1 Qb7+ 26. Kh2 Qf3 27. Kg1 Rbe8 28. Rb2 Ne4 29. Nd4 Qxg3+ 30. Rg2 Qxf4 31. Nxe6+ Rxe6 32. Qg4 Qe5 33. Rxe4 Qxe4 34. Qxe4 Rxe4 35. Rg3 f5 36. Rd3 Re6 37. Kf2 Kf6 38. Kf3 g5 39. Rd5 h5 40. Rd3 f4 41. Rd2 Re3+ 42. Kg2 Ke6 43. Rd5 Re5 44. Rd3 g4 45. a5 Re3 46. Rd5 Rxh3 0-1